00483nam a2200157 a 4500008004100000020002200041100001800063245008300081260003700164300002800201440003000229650003900259003000100298005001700299040000900316  a1857150295 (hbk.)1 aForster, E.M.12aA passage to India /cby E. M. Forster ; with an introduction by P.N. Furbank. aLondon :bDavid Campbell,c1991. axxxix, 293 p. ;c22 cm. aEveryman's Library ;v29. aEnglish literature d20th century.20230123133644.0 cNUST